Periods of Prehistory in the Geological Column - Statistics

General Stats
  • This quiz has been taken 408 times
  • The average score is 8 of 30
Answer Stats
Supereon Eon Era Period % Correct
Phanerozoic Mesozoic Jurassic
94%
Phanerozoic Mesozoic Triassic
86%
Phanerozoic Palaeozoic Cambrian
78%
Phanerozoic Mesozoic Cretaceous
72%
Phanerozoic Palaeozoic Devonian
63%
Phanerozoic Palaeozoic Permian
60%
Phanerozoic Palaeozoic Carboniferous
58%
Phanerozoic Palaeozoic Silurian
56%
Phanerozoic Palaeozoic Ordovician
53%
Phanerozoic Caenozoic Quaternary
36%
Phanerozoic Caenozoic Palaeogene
35%
Phanerozoic Caenozoic Neogene
33%
Precambrian Proterozoic Neo-Proterozoic Ediacaran
17%
Precambrian Proterozoic Neo-Proterozoic Cryogenian
10%
Precambrian Proterozoic Palaeo-Proterozoic Siderian
7%
Precambrian Proterozoic Neo-Proterozoic Tonian
7%
Precambrian Proterozoic Meso-Proterozoic Stenian
6%
Precambrian Proterozoic Palaeo-Proterozoic Orosirian
5%
Precambrian Proterozoic Meso-Proterozoic Ectasian
4%
Precambrian Proterozoic Palaeo-Proterozoic Rhyacian
4%
Precambrian Proterozoic Palaeo-Proterozoic Statherian
4%
Precambrian Proterozoic Meso-Proterozoic Calymmian
3%
Precambrian Archaean Eoarchean Eoarchean
2%
Precambrian Archaean Neoarchean Neoarchean
2%
Precambrian Archaean Palaeoarchean Palaeoarchean
2%
Precambrian Hadean Basin Groups Basin Groups
1%
Precambrian Hadean Cryptic Cryptic
1%
Precambrian Hadean Early Imbrian Early Imbrian
1%
Precambrian Hadean Nectarian Nectarian
1%
Precambrian Archaean Mesoarchean Mesoarhcean
0%
No matching quizzes found
Score Distribution
Percent of People with Each Score
Percentile by Number Answered
Your Score History
You have not taken this quiz